Guess the Famous People from their Eyes #37 - Statistics

General Stats
  • This quiz has been taken 72 times
  • The average score is 5 of 16
Answer Stats
Picture Answer % Correct
Daniel Radcliffe
89%
Nick Jonas
67%
Travis Kelce
58%
Glen Powell
41%
Brenda Song
31%
Conor McGregor
31%
Zoë Kravitz
31%
Jessie J
30%
Snooki
30%
Robert Lewandowski
22%
Daisy Ridley
19%
Grimes
17%
Tom Welling
17%
Big Sean
13%
Lilly Singh
13%
Melissa Benoist
9%
No matching quizzes found
Score Distribution
Percent of People with Each Score
Percentile by Number Answered
Your Score History
You have not taken this quiz